000 00667nam a2200229Ia 4500
003 IN-BaIIA
008 211028s9999 xx 000 0 eng d
020 _a978-0-07-107786-6
040 _cIIA Library
080 _a536.24
_bCEN
100 _aCengel, Yunus A
_935221
245 0 _aHeat and mass transfer
_bfundamentals and applications
_cYunus A. Cengel and Afshin J. Ghajar
250 _a4th ed.
260 _aNew Delhi
_bTata McGraw-Hill
_c2012
300 _axxi, 902p.
650 _aConduction
_935222
650 _aConvection
_921799
650 _aHeat transfer
_97229
650 _aMass transfer
_95001
700 _aGhajar, Afshin J.
_935223
942 _cBK
999 _c18376
_d18376